00236nam a2200097Ia 4500008004100000100001600041245003500057260002900092300000900121650000800130191201s2008 xx 000 0 und d aJAIN, Pooja 0aWindows based Computer Courses c2008bS.VikasaJalandhar amisc aCSE